HIGH COURT CRIMINAL SESSION No.176 of 1970 Uganda Vs Okori s/o Alula (Record no. 6589)

MARC details
000 -LEADER
fixed length control field 00468nam a22001097a 4500
008 - FIXED-LENGTH DATA ELEMENTS--GENERAL INFORMATION
fixed length control field 150622b xxu||||| |||| 00| 0 eng d
010 ## - LIBRARY OF CONGRESS CONTROL NUMBER
Field link and sequence number HCCRSF: 006
245 ## - TITLE STATEMENT
Title HIGH COURT CRIMINAL SESSION No.176 of 1970 Uganda Vs Okori s/o Alula
260 ## - PUBLICATION, DISTRIBUTION, ETC. (IMPRINT)
Place of publication, distribution, etc High Court Kampala
500 ## - GENERAL NOTE
Materials specified (original criminal Case No.ML1 of 1970 in the chief Magistrate's court of Lango at Lira<br/>Before: His Worship Mr. H. D. Pandya Magistrate Grade 1)<br/>
500 ## - GENERAL NOTE
Materials specified Before Hon. Mr. Justice J.w.Mead
Holdings
Withdrawn status Lost status Source of classification or shelving scheme Damaged status Koha normalized classification for sorting Not for loan Location (home branch) Sublocation or collection (holding branch) Shelving location Date acquired Koha issues (times borrowed) Koha full call number Piece designation (barcode) Koha date last seen Price effective from Koha item type
    Dewey Decimal Classification   HCCRSARF_006   Archives Archives Archives 06/22/2015   HCCRSARF:006 0908/2015 06/22/2015 06/22/2015 Un Reported Cases
    Dewey Decimal Classification   HCCRSARF_006   Archives Law Development Centre Main Library Archives 06/22/2015   HCCRSARF:006 0909/2015 06/22/2015 06/22/2015 Un Reported Cases